000 00635nam a2200229 4500
001 68167
003 BD-RjUL
005 20211209081734.0
008 170330s2001 bg a|||| b||| 001 0 eng d
020 _a9843112970
035 _a(BD-RjUL)68377
040 _aBD-RjUL
_beng
_cBD-RjUL
041 _aeng
082 _223
_a581.467
_bHUW 2001
100 1 _aHuda, Md. Nazmul.
_9202070
245 1 0 _aWhy quality seed ? :
_breality and vision /
_cMd. Nazmul Huda.
260 _aDhaka, Bangladesh :
_bGTZ office,
_c2001.
300 _axx, 258 p. :
_bill. ;
_c24 cm.
500 _aIncludes index.
650 _aSeeds
_9158248
942 _2ddc
_cBK
999 _c68167
_d68167